ბათუმის შოთა რუსთაველის სახელმწიფო უნივერსიტეტის ბიბლიოთეკა

აჭარის ხალხური პოეზია : (ბიბ.ჩანაწერი № 37954)

000 -ლიდერი
ფიქსირებული სიგრძის საკონტროლო ველი 01216nam a2200205Ia 4500
001 - საკონტროლო ნომერი
საკონტროლო ველი 3936
003 - საკონტროლო ნომრის იდენტიფიკატორი
საკონტროლო ველი GE_BSU
005 - ბოლო ოპერაციის თარიღი და დრო
საკონტროლო ველი 20190912170520.0
008 - ფიქსირებული სიგრძის მონაცემთა ელემენტები - ზოგადი ინფორმაცია
ფიქსირებული სიგრძის საკონტროლო ველი 181216s1969||||ge |||||||||||||| ||geo||
040 ## - კატალოგიზაციის წყარო
Transcribing agency GE_BSU
041 ## - ენის კოდი
Language code of text/sound track or separate title geo
080 ## - უნივერსალური ათობითი კლასიფიკაციის ინდექსი
Universal Decimal Classification number 398(479.223)+821.353.1 ა–95
245 ## - ცნობა სათაურის შესახებ
Title აჭარის ხალხური პოეზია :
Remainder of title კრებული. ნაწ. I. /
Statement of responsibility, etc ადგინეს, შენიშვნების, საძიებლები, სიტყვების ახსნა დაურთეს და გამოსაცემად მოამზადეს ა. ახვლედიანმა, ე. ზოიძემ, ზ. თანდილავამ და სხვ. ; ა. ინაიშვილის რედ. და შეს. წერილით.
264 ## - წარმოების, გამოცემის, დისტრიბუციის და სხვა ცნობები
გამოცემის, წარმოების, დისტრიბუციის... ადგილი თბ. :
გამოცემის, წარმოების, დისტრიბუციის... სახელწოდება მეცნიერება,
გამოცემის, წარმოების, დისტრიბუციის... თარიღი 1969.
300 ## - ფიზიკური აღწერა
Extent 157 გვ. ;
Other physical details 21 სმ.
653 ## - INDEX TERM--UNCONTROLLED
Uncontrolled term აჭარის ხალხური პოეზია
700 ## - ADDED ENTRY--PERSONAL NAME
Personal name ახვლედიანი, ა.
Relator term შემდგენელი
9 (RLIN) 1870
700 ## - ADDED ENTRY--PERSONAL NAME
Personal name ზოიძე, ე. და სხვ.
Relator term შემდგენელი
9 (RLIN) 3980
942 ## - ADDED ENTRY ELEMENTS (KOHA)
Koha item type წიგნი
Source of classification or shelving scheme
ეგზემპლარები
ჩამოწერის სტატუსი დაკარგული ეგზემპლარის სტატუსი კლასიფიკაციის წყარო ან თაროზე გაწყობის სქემა დაზიანების სტატუსი არ გაიცემა მუდმივი მდებარეობა (დაცვის ადგილი) ამჟამინდელი ადგილსამყოფელი თაროზე განთავსების ადგილი შეძენის თარიღი ღირებულება, შესყიდვის ნორმალური ფასი სრული შენახვის შიფრი შტრიხკოდი ბოლო ოპერაციის თარიღი ეგზემპლარის მიმდევრობითი ნომერი (კეტერი?) ფასის ძალაში შესვლის თარიღი ეგზემპლარის სახეობა საჯარო შენიშვნა
          ბათუმის შოთა რუსთაველის სახელმწიფო უნივერსიტეტის მთავარი ბიბლიოთეკა ბათუმის შოთა რუსთაველის სახელმწიფო უნივერსიტეტის მთავარი ბიბლიოთეკა წიგნსაცავი 2018-12-17 2.00 398(479.223)+821.353.1 ა–95 5633 2018-12-17 5633 2018-12-17 წიგნი 2 ლ.